[Event "24th Bosna it"]
[Site "Sarajevo YUG"]
[Date "1985.03.29"]
[Round "10"]
[White "Andersson, Ulf"]
[Black "Popovic, Petar"]
[Result "1-0"]
[WhiteElo "2575"]
[BlackElo "2540"]
[EventDate "1985.03.19"]
[PlyCount "99"]

1.Nf3 Nf6 2.c4 g6 3.Nc3 d5 4.Qa4+ Bd7 5.Qb3 dxc4 6.Qxc4 Bg7 7.g3 O-O 8.Bg2
Nc6 9.O-O Bg4 10.Qa4 Qd7 11.Kh1 e5 12.d3 h6 13.Be3 a6 14.Rac1 Rad8 15.Nd2 
Nd4 16.Qxd7 Rxd7 17.Rfe1 c6 18.Nc4 Ne8 19.Nb6 Rc7 20.Kg1 Nd6 21.Kf1 Be6 
22.Bd2 Rd8 23.b3 f5 24.Nca4 Nc8 25.Ba5 Nxb6 26.Nxb6 Rdc8 27.Bb4 Rf7 28.Nc4
Rd7 29.Nb6 Rf7 30.Nc4 Rd7 31.Bc3 Bf7 32.Nb6 Rdd8 33.Ba5 Rd6 34.Na4 Be6 35.
e3 Nb5 36.Nc5 Rc7 37.Bb4 Rf7 38.a4 Na7 39.Nxb7 Rxd3 40.Nc5 Rxb3 41.Nxb3 
Bxb3 42.a5 e4 43.Kg1 Rb7 44.Bc5 Nb5 45.Bf1 Bb2 46.Bc4+ Bxc4 47.Rxc4 Bc3 
48.Rc1 Bxa5 49.Ra1 Bd2 50.Ra2 1-0

[Event "24th Bosna it"]
[Site "Sarajevo YUG"]
[Date "1985.03.29"]
[Round "10"]
[White "Mikhalchishin, Adrian"]
[Black "Chandler, Murray Graham"]
[Result "1-0"]
[WhiteElo "2505"]
[BlackElo "2585"]
[EventDate "1985.03.19"]
[PlyCount "79"]

1.d4 Nf6 2.c4 e6 3.Nf3 b6 4.g3 Ba6 5.Qa4 Bb7 6.Bg2 c5 7.O-O Nc6 8.dxc5 
Bxc5 9.Nc3 O-O 10.Bf4 Nh5 11.Bg5 f6 12.Bd2 f5 13.Rad1 Qe7 14.a3 a5 15.Bg5 
Qf7 16.Rd3 h6 17.Rfd1 d6 18.Be3 Nf6 19.Bxc5 dxc5 20.Rd6 Rac8 21.Qb5 Ba8 
22.Qxb6 Ne4 23.Rd7 Qf6 24.Qb3 Rb8 25.Nb5 Ne5 26.Nxe5 Qxe5 27.Qe3 Bc6 28.
R7d2 Qf6 29.Bxe4 fxe4 30.Qc3 e3 31.Qxe3 Bxb5 32.cxb5 Rxb5 33.f3 Kh8 34.Rd4
Rfb8 35.Re4 e5 36.b4 axb4 37.axb4 Rxb4 38.Rxe5 Qc6 39.Re6 Qa4 40.Rc1 1-0

[Event "24th Bosna it"]
[Site "Sarajevo YUG"]
[Date "1985.03.29"]
[Round "10"]
[White "Georgiev, Kiril"]
[Black "Lalic, Bogdan"]
[Result "1-0"]
[WhiteElo "2535"]
[BlackElo "2440"]
[EventDate "1985.03.19"]
[PlyCount "83"]

1.Nf3 Nf6 2.c4 e6 3.Nc3 d5 4.d4 Bb4 5.Bg5 Nbd7 6.cxd5 exd5 7.e3 c5 8.Bd3 
Qa5 9.Qc2 c4 10.Bf5 O-O 11.O-O Re8 12.Nd2 g6 13.Bh3 Kg7 14.a3 Bxc3 15.bxc3
Ne4 16.Nxe4 dxe4 17.Bf4 Nb6 18.Bxc8 Raxc8 19.f3 exf3 20.Rxf3 f5 21.Be5+ 
Kg8 22.e4 fxe4 23.Qxe4 Qd5 24.Qh4 Nd7 25.Rh3 Qf7 26.Bd6 Re6 27.Rf1 Qg7 28.
Bb4 g5 29.Qg4 Rce8 30.Rhf3 h6 31.Qf5 Nb6 32.h3 Qd7 33.h4 Qg7 34.hxg5 hxg5 
35.Rg3 Rg6 36.Bd6 Nd7 37.Qd5+ Ree6 38.Re3 Nb6 39.Qxe6+ Rxe6 40.Rxe6 Nd5 
41.Be5 Qd7 42.Rh6 1-0

[Event "24th Bosna it"]
[Site "Sarajevo YUG"]
[Date "1985.03.29"]
[Round "10"]
[White "Kozul, Zdenko"]
[Black "Drasko, Milan"]
[Result "0-1"]
[WhiteElo "2380"]
[BlackElo "2460"]
[EventDate "1985.03.19"]
[PlyCount "91"]

1.d4 d5 2.Nf3 Nf6 3.c3 e6 4.Bf4 Bd6 5.Bg3 Bxg3 6.hxg3 Qd6 7.Qc1 Nbd7 8.Na3
c5 9.Qf4 Qxf4 10.gxf4 b6 11.e3 Ke7 12.Ne5 Bb7 13.f3 h5 14.b3 a6 15.Nc2 
Nxe5 16.fxe5 Nd7 17.a4 Rac8 18.Kd2 f6 19.exf6+ Nxf6 20.b4 c4 21.a5 b5 22.
g3 g5 23.Bg2 Rcd8 24.Ke2 Bc6 25.Rag1 Be8 26.Ne1 Bg6 27.f4 g4 28.Kd1 Be4 
29.Kc1 Rh6 30.Rh4 Bxg2 31.Rxg2 Ne4 32.Kc2 Kf6 33.Rhh2 Rdh8 34.Rh4 Nd6 35.
Kd2 Nf5 36.Rh1 h4 37.gxh4 Rxh4 38.Rxh4 Rxh4 39.e4 dxe4 40.Nc2 g3 41.Ne3 
Rxf4 42.Nxf5 exf5 43.Rxg3 Rh4 44.Rg8 f4 45.Re8 Rh2+ 46.Kd1 0-1

[Event "24th Bosna it"]
[Site "Sarajevo YUG"]
[Date "1985.03.29"]
[Round "10"]
[White "Nogueiras Santiago, Jesus"]
[Black "Dizdarevic, Emir"]
[Result "1/2-1/2"]
[WhiteElo "2545"]
[BlackElo "2425"]
[EventDate "1985.03.19"]
[PlyCount "75"]

1.Nf3 Nf6 2.c4 e6 3.g3 a6 4.Nc3 d5 5.Bg2 dxc4 6.Ne5 Ra7 7.Qa4+ Nbd7 8.f4 
c5 9.d3 cxd3 10.Be3 d2+ 11.Bxd2 Be7 12.O-O-O O-O 13.Nb5 Ra8 14.Ba5 axb5 
15.Bxd8 Rxa4 16.Bxe7 Re8 17.Bxf6 Nxf6 18.Kb1 Nd5 19.Bf3 f6 20.Ng4 Kf8 21.
Rd2 Ke7 22.e4 Nb4 23.b3 Ra7 24.e5 f5 25.Ne3 Bd7 26.Rc1 Rc8 27.Rcd1 Be8 28.
g4 fxg4 29.Bxg4 Rc6 30.f5 c4 31.fxe6 Bg6+ 32.Bf5 Nd3 33.Bxg6 hxg6 34.bxc4 
bxc4 35.Nxc4 Rxc4 36.Rxd3 Kxe6 37.Rd6+ Kxe5 38.Rxg6 1/2-1/2

[Event "24th Bosna it"]
[Site "Sarajevo YUG"]
[Date "1985.03.31"]
[Round "11"]
[White "Lalic, Bogdan"]
[Black "Marjanovic, Slavoljub"]
[Result "1-0"]
[WhiteElo "2440"]
[BlackElo "2505"]
[EventDate "1985.03.19"]
[PlyCount "43"]

1.d4 Nf6 2.c4 e6 3.g3 d5 4.Bg2 dxc4 5.Nf3 a6 6.O-O Nc6 7.Na3 Bxa3 8.bxa3 
Rb8 9.Bb2 O-O 10.Qc2 b5 11.e4 Bb7 12.Rad1 h6 13.Rfe1 Re8 14.Nh4 Ba8 15.f4 
Rb6 16.d5 exd5 17.e5 Nh7 18.Bxd5 Qe7 19.e6 f5 20.Qxf5 Nf6 21.Bxf6 Nd4 22.
Bxe7 1-0

[Event "24th Bosna it"]
[Site "Sarajevo YUG"]
[Date "1985.03.31"]
[Round "11"]
[White "Kurajica, Bojan"]
[Black "Mikhalchishin, Adrian"]
[Result "1-0"]
[WhiteElo "2535"]
[BlackElo "2505"]
[EventDate "1985.03.19"]
[PlyCount "74"]

1.d4 Nf6 2.Nf3 g6 3.g3 Bg7 4.Bg2 d5 5.O-O O-O 6.c4 c6 7.Nbd2 Bf5 8.e3 Nbd7
9.Qe2 Qa5 10.a3 Qa6 11.Re1 c5 12.Nh4 Bg4 13.Qf1 cxd4 14.exd4 Be6 15.c5 Qa4
16.Qd3 b6 17.b3 Qc6 18.b4 bxc5 19.dxc5 Ne4 20.Rb1 f5 21.Nhf3 Bf7 22.Nd4 
Qf6 23.N2b3 e5 24.Nb5 f4 25.Rb2 Ng5 26.h4 e4 27.hxg5 Qxb2 28.Bxb2 exd3 29.
Bxg7 Kxg7 30.Re7 Rae8 31.Rxd7 Re1+ 32.Kh2 Kg8 33.N5d4 fxg3+ 34.Kxg3 Re2 
35.c6 Re5 36.c7 Rxg5+ 37.Kf4 Rxg2 1-0

[Event "24th Bosna it"]
[Site "Sarajevo YUG"]
[Date "1985.03.31"]
[Round "11"]
[White "Popovic, Petar"]
[Black "Georgiev, Kiril"]
[Result "1/2-1/2"]
[WhiteElo "2540"]
[BlackElo "2535"]
[EventDate "1985.03.19"]
[PlyCount "62"]

1.e4 c5 2.Nf3 d6 3.d4 cxd4 4.Nxd4 Nf6 5.Nc3 g6 6.g3 Nc6 7.Bg2 Nxd4 8.Qxd4 
Bg7 9.O-O O-O 10.Qb4 Qc7 11.a4 Be6 12.a5 Nd7 13.Be3 Bxc3 14.bxc3 Ne5 15.f4
Nc4 16.Bd4 f6 17.Rfe1 Rfe8 18.Bf2 Kg7 19.Red1 Kg8 20.h4 Bf7 21.Kh2 e5 22.
f5 b6 23.axb6 axb6 24.fxg6 hxg6 25.Rxa8 Rxa8 26.Bf1 Rd8 27.Bxc4 Qxc4 28.
Qxc4 Bxc4 29.Bxb6 Rd7 30.Bc5 d5 31.exd5 Rxd5 1/2-1/2

[Event "24th Bosna it"]
[Site "Sarajevo YUG"]
[Date "1985.04.01"]
[Round "12"]
[White "Andersson, Ulf"]
[Black "Sax, Gyula"]
[Result "1/2-1/2"]
[WhiteElo "2575"]
[BlackElo "2565"]
[EventDate "1985.03.19"]
[PlyCount "27"]

1.Nf3 c5 2.g3 g6 3.c4 Bg7 4.d4 Qb6 5.e3 Nf6 6.Bg2 O-O 7.O-O d6 8.Nbd2 Qc7 
9.Re1 Nc6 10.Qe2 b6 11.b3 a5 12.Bb2 a4 13.e4 Bd7 14.Red1 1/2-1/2

[Event "24th Bosna it"]
[Site "Sarajevo YUG"]
[Date "1985.04.01"]
[Round "12"]
[White "Marjanovic, Slavoljub"]
[Black "Popovic, Petar"]
[Result "1/2-1/2"]
[WhiteElo "2505"]
[BlackElo "2540"]
[EventDate "1985.03.19"]
[PlyCount "25"]

1.e4 c5 2.Nf3 d6 3.c3 Nf6 4.h3 Nc6 5.Bd3 g6 6.Bc2 Bg7 7.O-O e5 8.d4 cxd4 
9.cxd4 exd4 10.Nxd4 O-O 11.Nxc6 bxc6 12.Nc3 d5 13.exd5 1/2-1/2

[Event "24th Bosna it"]
[Site "Sarajevo YUG"]
[Date "1985.04.01"]
[Round "12"]
[White "Kozul, Zdenko"]
[Black "Chandler, Murray Graham"]
[Result "1-0"]
[WhiteElo "2380"]
[BlackElo "2585"]
[EventDate "1985.03.19"]
[PlyCount "115"]

1.d4 Nf6 2.Nf3 e6 3.c4 b6 4.Nc3 Bb7 5.a3 d5 6.cxd5 exd5 7.g3 Be7 8.Qa4+ c6
9.Bg2 O-O 10.O-O Nbd7 11.Rd1 Re8 12.Bf4 Nh5 13.Rac1 Nxf4 14.gxf4 f6 15.e3 
Kh8 16.Kh1 Nf8 17.Rg1 a6 18.Bh3 c5 19.Rg3 Bd6 20.Rcg1 Re7 21.Qc2 g6 22.
R3g2 Rg7 23.Ne2 Bc6 24.Ng3 Raa7 25.f5 Qc8 26.Qd1 c4 27.Nh4 Bxg3 28.Rxg3 g5
29.Ng2 Qe8 30.Bg4 a5 31.f4 b5 32.fxg5 Rxg5 33.Qf3 b4 34.Nf4 Qe4 35.Qxe4 
dxe4 36.Rc1 c3 37.bxc3 b3 38.Rb1 a4 39.Bh3 Bd7 40.Ne6 Rxg3 41.hxg3 Bb5 42.
Nxf8 Bd3 43.Rb2 Rc7 44.d5 Rxc3 45.d6 Rc6 46.d7 Rd6 47.Bg2 Bc2 48.Kh2 Kg8 
49.Ne6 Rxd7 50.Nc5 Rc7 51.Nxa4 Rc6 52.Kh3 Kg7 53.Kg4 Bd1+ 54.Kf4 Rc4 55.
Nb6 Rc2 56.Na4 Rc4 57.Rb1 Bf3 58.Nb2 1-0

[Event "24th Bosna it"]
[Site "Sarajevo YUG"]
[Date "1985.04.01"]
[Round "12"]
[White "Mikhalchishin, Adrian"]
[Black "Lalic, Bogdan"]
[Result "1-0"]
[WhiteElo "2505"]
[BlackElo "2440"]
[EventDate "1985.03.19"]
[PlyCount "65"]

1.d4 Nf6 2.Nf3 e6 3.c4 c5 4.Nc3 d5 5.cxd5 Nxd5 6.g3 Nc6 7.Bg2 Be7 8.O-O 
Nf6 9.e3 O-O 10.a3 cxd4 11.exd4 Qb6 12.Qd3 Rd8 13.Be3 Ng4 14.b4 a6 15.Rad1
Nxe3 16.fxe3 Qa7 17.Kh1 h6 18.Ne4 Bd7 19.g4 e5 20.g5 exd4 21.exd4 Bf5 22.
gxh6 Rd5 23.Qe3 Bg6 24.Nc5 Rad8 25.hxg7 Qb8 26.Nd3 Bd6 27.Nh4 Rh5 28.Nxg6 
Bxh2 29.Qf3 Kxg7 30.Qxh5 fxg6 31.Qxh2 Rh8 32.Bh3 Qd8 33.Nf4 1-0

[Event "24th Bosna it"]
[Site "Sarajevo YUG"]
[Date "1985.04.02"]
[Round "13"]
[White "Chandler, Murray Graham"]
[Black "Drasko, Milan"]
[Result "1-0"]
[WhiteElo "2585"]
[BlackElo "2460"]
[EventDate "1985.03.19"]
[PlyCount "61"]

1.e4 e6 2.d4 d5 3.Nc3 Bb4 4.e5 c5 5.a3 Bxc3+ 6.bxc3 Ne7 7.Nf3 Nbc6 8.Be2 
Qa5 9.O-O c4 10.Qd2 Qa4 11.Rb1 O-O 12.Re1 b6 13.Bd1 f6 14.exf6 Rxf6 15.Qg5
Qa5 16.Qg3 Qxc3 17.Bg5 Rf8 18.Re3 Qa5 19.Qc7 Re8 20.Bxe7 Nxe7 21.Ne5 Qd2 
22.Nf3 Qa5 23.Ng5 Qa4 24.Bh5 g6 25.Bg4 Qc6 26.Qe5 Rf8 27.Nxe6 Rf7 28.Nd8 
Bxg4 29.Nxc6 Nxc6 30.Qxd5 Rc8 31.Rbe1 1-0

[Event "24th Bosna it"]
[Site "Sarajevo YUG"]
[Date "1985.04.02"]
[Round "13"]
[White "Kurajica, Bojan"]
[Black "Kozul, Zdenko"]
[Result "1-0"]
[WhiteElo "2535"]
[BlackElo "2380"]
[EventDate "1985.03.19"]
[PlyCount "63"]

1.d4 Nf6 2.Nf3 g6 3.g3 Bg7 4.Bg2 O-O 5.O-O d6 6.c4 c6 7.Nc3 a6 8.d5 e5 9.
dxc6 bxc6 10.c5 e4 11.Nd4 dxc5 12.Nb3 Qe7 13.Be3 Nbd7 14.Na5 Qe6 15.Qa4 
Rb8 16.Qxc6 Rxb2 17.Qxe6 fxe6 18.Bh3 Re8 19.Nc4 Rc2 20.Rac1 Rxc1 21.Rxc1 
Bf8 22.Rb1 Kf7 23.Bg2 Kg8 24.Nxe4 Nxe4 25.Bxe4 Nf6 26.Bc6 Re7 27.Rb8 Rc7 
28.Ba4 Nd5 29.Bd2 Ne7 30.Nd6 h6 31.Ba5 Rc6 32.Bxc6 1-0

[Event "24th Bosna it"]
[Site "Sarajevo YUG"]
[Date "1985.04.02"]
[Round "13"]
[White "Lalic, Bogdan"]
[Black "Nogueiras Santiago, Jesus"]
[Result "1/2-1/2"]
[WhiteElo "2440"]
[BlackElo "2545"]
[EventDate "1985.03.19"]
[PlyCount "21"]

1.d4 Nf6 2.c4 e6 3.g3 Bb4+ 4.Bd2 Be7 5.Nf3 d5 6.Bg2 O-O 7.O-O c6 8.Qc2 b6 
9.Rd1 Nbd7 10.b3 Bb7 11.Bc1 1/2-1/2

[Event "24th Bosna it"]
[Site "Sarajevo YUG"]
[Date "1985.04.02"]
[Round "13"]
[White "Dizdarevic, Emir"]
[Black "Lputian, Smbat"]
[Result "1/2-1/2"]
[WhiteElo "2425"]
[BlackElo "2530"]
[EventDate "1985.03.19"]
[PlyCount "24"]

1.d4 d5 2.Nf3 Nf6 3.c4 c6 4.cxd5 cxd5 5.Bf4 Bf5 6.Nc3 Nc6 7.e3 e6 8.Bd3 
Bxd3 9.Qxd3 Bd6 10.Bxd6 Qxd6 11.O-O O-O 12.Rac1 Rac8 1/2-1/2

[Event "24th Bosna it"]
[Site "Sarajevo YUG"]
[Date "1985.04.03"]
[Round "14"]
[White "Marjanovic, Slavoljub"]
[Black "Sax, Gyula"]
[Result "1/2-1/2"]
[WhiteElo "2505"]
[BlackElo "2565"]
[EventDate "1985.03.19"]
[PlyCount "28"]

1.e4 c5 2.Nf3 d6 3.d4 cxd4 4.Nxd4 Nf6 5.Nc3 Nc6 6.Bg5 e6 7.Qd2 Be7 8.O-O-O
O-O 9.Nb3 a5 10.a4 d5 11.exd5 Nxd5 12.Bxe7 Ncxe7 13.Bc4 Qc7 14.Bxd5 exd5 
1/2-1/2

[Event "24th Bosna it"]
[Site "Sarajevo YUG"]
[Date "1985.04.03"]
[Round "14"]
[White "Georgiev, Kiril"]
[Black "Velimirovic, Dragoljub"]
[Result "1-0"]
[WhiteElo "2535"]
[BlackElo "2500"]
[EventDate "1985.03.19"]
[PlyCount "73"]

1.d4 Nf6 2.c4 c5 3.d5 g6 4.Nc3 Bg7 5.e4 O-O 6.Nf3 d6 7.Bd3 e5 8.Bg5 h6 9.
Bh4 Qc7 10.O-O Nh5 11.Bc2 Bg4 12.h3 Bd7 13.Rb1 a6 14.Nd2 b5 15.b4 cxb4 16.
Rxb4 Qc5 17.Rb1 bxc4 18.Ba4 Qd4 19.Rc1 Bxa4 20.Nxa4 Rc8 21.Qg4 Rc7 22.Nxc4
Nd7 23.Rfd1 Qa7 24.Nxd6 Bf8 25.Rc6 Ndf6 26.Bxf6 Nxf6 27.Qf3 Kg7 28.Nc4 
Rxc6 29.dxc6 Qc7 30.Ncb6 Qxc6 31.Nxa8 Qxa4 32.Nb6 Qxa2 33.Nd5 Ne8 34.Qc3 
Qa4 35.Qxe5+ f6 36.Qd4 Qc6 37.Ne7 1-0

[Event "24th Bosna it"]
[Site "Sarajevo YUG"]
[Date "1985.04.03"]
[Round "14"]
[White "Nogueiras Santiago, Jesus"]
[Black "Popovic, Petar"]
[Result "0-1"]
[WhiteElo "2545"]
[BlackElo "2540"]
[EventDate "1985.03.19"]
[PlyCount "84"]

1.Nf3 Nf6 2.c4 e6 3.g3 a6 4.Nc3 d5 5.d4 dxc4 6.Bg2 b5 7.Ne5 Ra7 8.O-O Bb7 
9.e4 Be7 10.d5 exd5 11.exd5 O-O 12.Be3 Ra8 13.Nc6 Nxc6 14.dxc6 Bc8 15.Bf4 
Be6 16.Qxd8 Bxd8 17.Rfd1 h6 18.Rac1 g5 19.Be3 Be7 20.Bd4 Rfd8 21.Be5 Rxd1+
22.Rxd1 Rc8 23.h3 b4 24.Ne2 Ne8 25.Nd4 Rd8 26.Rc1 Bd5 27.Nf5 Bf8 28.g4 
Bxg2 29.Kxg2 Rd5 30.Bd4 Nd6 31.Nxd6 Bxd6 32.Rxc4 Ra5 33.Bf6 Rxa2 34.h4 
gxh4 35.Kh3 Ra1 36.Rd4 Rh1+ 37.Kg2 Rc1 38.f4 Rxc6 39.g5 hxg5 40.fxg5 Rc2+ 
41.Kf3 Rh2 42.Rd5 h3 0-1

[Event "24th Bosna it"]
[Site "Sarajevo YUG"]
[Date "1985.04.03"]
[Round "14"]
[White "Drasko, Milan"]
[Black "Kurajica, Bojan"]
[Result "1/2-1/2"]
[WhiteElo "2460"]
[BlackElo "2535"]
[EventDate "1985.03.19"]
[PlyCount "21"]

1.d4 d5 2.c4 e6 3.Nc3 Nf6 4.Nf3 Be7 5.Bg5 h6 6.Bh4 O-O 7.e3 b6 8.cxd5 Nxd5
9.Bxe7 Qxe7 10.Nxd5 exd5 11.Rc1 1/2-1/2

[Event "24th Bosna it"]
[Site "Sarajevo YUG"]
[Date "1985.04.05"]
[Round "15"]
[White "Chandler, Murray Graham"]
[Black "Lputian, Smbat"]
[Result "1/2-1/2"]
[WhiteElo "2585"]
[BlackElo "2530"]
[EventDate "1985.03.19"]
[PlyCount "24"]

1.e4 e6 2.d4 d5 3.Nc3 Bb4 4.e5 c5 5.a3 Ba5 6.b4 cxd4 7.Nb5 Bc7 8.f4 Ne7 9.
Nf3 Bd7 10.Nbxd4 Nbc6 11.Be2 Nxd4 12.Nxd4 O-O 1/2-1/2

[Event "24th Bosna it"]
[Site "Sarajevo YUG"]
[Date "1985.04.05"]
[Round "15"]
[White "Lalic, Bogdan"]
[Black "Drasko, Milan"]
[Result "1/2-1/2"]
[WhiteElo "2440"]
[BlackElo "2460"]
[EventDate "1985.03.19"]
[PlyCount "27"]

1.d4 d5 2.c4 e6 3.Nc3 Nf6 4.Bg5 Be7 5.e3 Nbd7 6.Nf3 O-O 7.Rc1 c6 8.Bd3 
dxc4 9.Bxc4 Nd5 10.Bxe7 Qxe7 11.O-O Nxc3 12.Rxc3 e5 13.Qc2 exd4 14.exd4 
1/2-1/2

[Event "24th Bosna it"]
[Site "Sarajevo YUG"]
[Date "1985.04.05"]
[Round "15"]
[White "Popovic, Petar"]
[Black "Kozul, Zdenko"]
[Result "1-0"]
[WhiteElo "2540"]
[BlackElo "2380"]
[EventDate "1985.03.19"]
[PlyCount "119"]

1.e4 c5 2.Nf3 d6 3.d4 cxd4 4.Nxd4 Nf6 5.Nc3 Nc6 6.g3 g6 7.Bg2 Bg7 8.Nxc6 
bxc6 9.e5 Nd7 10.exd6 Ba6 11.Bf1 Bxc3+ 12.bxc3 Bxf1 13.Kxf1 O-O 14.Kg2 e5 
15.Qf3 Rc8 16.Rb1 Nb6 17.Rd1 f6 18.c4 Rf7 19.c5 Nd7 20.Rb7 Nxc5 21.Rxf7 
Kxf7 22.Qa3 Nd7 23.Qxa7 Qe8 24.Qb7 c5 25.Be3 Rb8 26.Qc6 Rb6 27.Qe4 Rb4 28.
c4 Ra4 29.Rb1 Qe6 30.Qc6 Ra7 31.Bxc5 Qxc4 32.Rc1 Qxc1 33.Qd5+ Kf8 34.Bxa7 
Qa3 35.Be3 Kg7 36.h4 Qa4 37.Qe6 g5 38.hxg5 fxg5 39.Bxg5 h5 40.Qh6+ Kf7 41.
Qxh5+ Ke6 42.Qg6+ Kd5 43.Be3 Kc6 44.Qe6 Qe4+ 45.Kh3 Qh7+ 46.Kg2 Qe4+ 47.
Kh2 Qh7+ 48.Qh3 Qc2 49.Qg2+ Kxd6 50.Qa8 Qf5 51.Kg2 Nf6 52.Qf3 Qg6 53.a4 
Nd5 54.a5 e4 55.Qd1 Ke6 56.a6 Qf5 57.a7 Nxe3+ 58.fxe3 Qa5 59.Qg4+ Kf6 60.
Qxe4 1-0

[Event "24th Bosna it"]
[Site "Sarajevo YUG"]
[Date "1985.04.05"]
[Round "15"]
[White "Ribli, Zoltan"]
[Black "Nogueiras Santiago, Jesus"]
[Result "1-0"]
[WhiteElo "2615"]
[BlackElo "2545"]
[EventDate "1985.03.19"]
[PlyCount "85"]

1.Nf3 Nf6 2.g3 g6 3.Bg2 Bg7 4.c4 O-O 5.O-O d6 6.Nc3 Nc6 7.Rb1 d5 8.cxd5 
Nxd5 9.Nxd5 Qxd5 10.b3 Qa5 11.a3 Bg4 12.d3 Rad8 13.h3 Bxf3 14.Bxf3 Nd4 15.
Bg2 Qa6 16.b4 Nb5 17.Qb3 Nd4 18.Qa2 Nb5 19.Bb2 Bxb2 20.Qxb2 c6 21.a4 Nd4 
22.e3 Nf5 23.d4 Qxa4 24.Ra1 Qb5 25.Rxa7 Ra8 26.Rfa1 Rxa7 27.Rxa7 Nd6 28.
Ra5 Qd3 29.Bf1 Qe4 30.Re5 Qf3 31.Rxe7 Ra8 32.Re5 b5 33.Be2 Qf6 34.Qc2 Nf5 
35.Kg2 Kg7 36.Bf3 Ra6 37.h4 Qd6 38.Rc5 Ne7 39.h5 Qe6 40.Re5 Qd6 41.Qe4 Nf5
42.Qf4 Ne7 43.h6+ 1-0

[Event "24th Bosna it"]
[Site "Sarajevo YUG"]
[Date "1985.04.05"]
[Round "15"]
[White "Sax, Gyula"]
[Black "Mikhalchishin, Adrian"]
[Result "1/2-1/2"]
[WhiteElo "2565"]
[BlackElo "2505"]
[EventDate "1985.03.19"]
[PlyCount "35"]

1.e4 e5 2.Nf3 Nf6 3.Nxe5 d6 4.Nf3 Nxe4 5.d4 d5 6.Bd3 Nc6 7.O-O Bg4 8.Re1 
Be7 9.c3 f5 10.Qb3 Qd7 11.Nfd2 O-O-O 12.f3 Nxd2 13.Nxd2 Bh5 14.Qc2 Rdf8 
15.b4 f4 16.Nb3 g5 17.b5 Nd8 18.Re5 1/2-1/2